000 00480 a2200181 4500
005 20260410103339.0
008 260410b |||||||| |||| 00| 0 eng d
020 _a9781509552702
040 _cSDCL
041 _2eng
_aeng
084 _aX9.3'M R5
100 _aBerg, Maxine
_91234590
245 _aSlavery, Capitalism and the Industrial Revolution
260 _bPolity Press,
_c2023.
_aUK :
300 _aix, 288p.
700 _aHudson, Pat
_91234591
942 _cTEXL
_2CC
999 _c1848113
_d1848113